000 00538nam a2200181 a 4500
005 20210223120704.0
008 991125s1953 mx 000 0 spa u
035 _aUPN01000005528
049 _aCG
050 4 _aML410 B4
_bS7.28
100 1 _aSteinitzer, Max,
_d1864-1936
_932357
245 1 0 _aBeethoven /
_cpor Max Steinitzer ; tr. Wenceslao Roces.
260 _aMéxico :
_bFCE,
_c1953.
300 _a138 p.
440 0 _aBreviarios del Fondo de Cultura Económica ;
_v72
600 1 4 _aBEETHOVEN, LUDWIG VAN,
_d1770-1827
905 _aLibro
999 _c5528
_d5528